Statistiques concernant Les plus gros partenaires commerciaux - Brésil

Cliquez ici pour prendre le quiz!

Statistiques générales

  • Ce quiz a été pris 39 fois
  • Le résultat moyen est 18 sur 20

Statistiques - réponses

exportations importations pays % Correct
37,4 md23,8 mdChine
100%
13,4 md9,08 mdArgentine
100%
3,68 mdFrance
100%
23,3 md24,1 mdEtats-Unis
100%
4,86 md9,13 mdAllemagne
97%
4,08 md2,88 mdChili
97%
4,60 md3,57 mdJapon
95%
3,81 md3,53 mdMexique
95%
3,32 md3,71 mdItalie
95%
2,63 md2,57 mdEspagne
95%
2,87 md2,30 mdRoyaume-Uni
92%
3,16 md2,48 mdInde
89%
1,87 mdCanada
89%
2,88 md5,45 mdCorée du Sud
86%
2,74 mdUruguay
84%
2,02 mdRussie
81%
10,3 mdPays-Bas
78%
3,23 mdBelgique
68%
1,90 mdSuisse
68%
2,83 mdSingapour
65%

Distribution des résultats

Percentile by Number Answered

% des personnes avec chaque résultat

Votre développement - résultats

Vous n’avez pas pris ce quiz